1920 1165 1413 1662 1095 1005 1141 1431 1004 1440 1174 1584 1364 1890 1487 1029 1053 1639 1848 1288 1164 1284 1474 1194 1672 1764 1420 1647 1421 1283 1636 1314 1506 1155 1252 1296 1737 1723 1295 1689 1553 1815 1800 1756 1998 1128 1351 1322 1395 1210 1921 1065 1086 1868 1706 1348 1008 1230 1624 1029 1025 1255 1601 1233 1054 1644 1950 1632 1497 1416 1055 1461 1928 1874 1678 1173 1061 1080 1006 1659 1756 1035 1012 1741 1166 1713 1922 1286 1866 1400 1063 1248 1001 1787 1641 1068 1749 1102 1772 BCNSPRNW ULIB Ver.6.0+V

เปลี่ยนเป็นภาษาไทย

Change to English
 แสดงรายละเอียดบรรณานุกรม
  กลับหน้าหลัก

Brief Record : Get Marc (ISO 2709) : E-mail record : QR code < ปิดหน้าต่าง
LEADER : 00000nam 2200000uu 4500
001    13399114856
003     ULIB
008    120611s2550||||th 000 0 tha d
020    ^a9789740988755
060 04 ^aWA525^bก941ว 2550
245 00 ^aวิถีทางเลือกกับการพึ่งตนเอง :^bศาสนาความเชื่อกับการแสวงหาสุขภาวะ /^cโกมาตร จึงเสถียรทรัพย์ ... [และคนอื่นๆ]
246 31 ^aศาสนาความเชื่อกับการแสวงหาสุขภาวะ
250    ^aพิมพ์ครั้งที่ 1
260    ^aนนทบุรี :^bสำนักวิจัยสังคมและสุขภาพ (สวสส.),^c2550
300    ^a158 หน้า ;^c22 ซม.
650  7 ^aการดูแลสุขภาพด้วยตนเอง
650  7 ^aการดูแลสุขภาพด้วยตนเอง^xความเชื่อ
650  7 ^aการดูแลสุขภาพด้วยตนเอง^xแง่ศาสนา
650  7 ^aการพึ่งตนเอง
650  7 ^aการแพทย์ทางเลือก^xแง่สังคม
650  7 ^aการศึกษาชุมชน
650  7 ^aความเชื่อ
650  7 ^aชีวิตชุมชน^xแง่อนามัย
650  7 ^aชุมชน
650  7 ^aร่างกายและจิตใจ
650  7 ^aสังคมวิทยาการแพทย์
650  7 ^aสาธารณสุขมูลฐาน
650  7 ^aสุขภาพ
650  7 ^aสุขภาพ, การดูแล
650  7 ^aสุขภาพ^vวิจัย
700 0  ^aโกมาตร จึงเสถียรทรัพย์,^d2502-
710 2  ^aสำนักวิจัยสังคมและสุขภาพ
945    ^p150^l0^i14989
995    ^aกัณชพร
999    ^aใช้งานได้ทุกระบบ
รายการนี้ยังไม่มีแท็ก
คุณยังไม่ได้ล็อกอิน คุณสามารถมีกิจกรรมร่วมกับเว็บไซต์ได้ แต่ต้องล็อกอินก่อน ::
  ล็อกอิน

รายการสื่อสารสนเทศ

ลำดับที่ ประเภท เลขเรียก/บาร์โค้ด สถานที่ สถานะ
- ไม่พบข้อมูล -

รายการใกล้เคียง
    หัวเรื่อง [การดูแลสุขภาพด้วยตนเอง]
    หัวเรื่อง [การพึ่งตนเอง]
    หัวเรื่อง [การศึกษาชุมชน]
    หัวเรื่อง [ความเชื่อ]
    หัวเรื่อง [ชุมชน]
    หัวเรื่อง [ร่างกายและจิตใจ]
    หัวเรื่อง [สังคมวิทยาการแพทย์]
    หัวเรื่อง [สาธารณสุขมูลฐาน]
    หัวเรื่อง [สุขภาพ]
    หัวเรื่อง [สุขภาพ, การดูแล]

BibComment


ยังไม่เคยถูกคอมเมนท์

คอมเมนท์ทรัพยากรรายการนี้
  คอมเมนท์: วิถีทางเลือกกับก..


 Copyright 2026. Bcnsprnw @Library